000 00705nam a2200253Ia 4500
003 OSt
005 20220925171252.0
006 a|||||r|||| 00| 0
007 ta
008 220923b |||||||| |||| 00| 0 eng d
020 _a3540230519
037 _cGeneral Book
040 _aRTL
_cRTL
_beng
041 _2eng
_aeng
082 _aX:89Q8, P5
100 _aFog Klaus, etc
_9238974
245 0 _aStory telling
_b Branding in practice
260 _aBerlin
_bSpringer-Verlag
_c2005
300 _a238p
_ccm.
500 _aBibliography p228-230
650 _aQuality Control Management
_9238975
942 _hX:89Q8, P5
_cGB
_2CC
999 _c482127
_d482127